| 000 | 01063nam a22002777a 4500 | ||
|---|---|---|---|
| 005 | 20121129114635.0 | ||
| 008 | 121129t xxu||||| |||| 00| 0 eng d | ||
| 010 | _aENG-106245 | ||
| 020 |
_a9781259029127 _c799.00 |
||
| 020 |
_a1259029123 _c799.00 |
||
| 035 | _aEN-89778 | ||
| 037 | _bDBAD/PUB | ||
| 040 |
_aDPL _bEng |
||
| 082 | 0 | 0 |
_a808.51 _223 |
| 100 | 1 |
_aLucas, Stephen, _d1946- _953910 |
|
| 245 | 1 | 4 |
_aThe art of public speaking / _cby Stephen E. Lucas |
| 250 | _a10th ed | ||
| 260 |
_aNew Delhi _bTata McGraw-Hill _cc2012 |
||
| 270 |
_a7 West patel Nagar _bNew Delhi _e110008 |
||
| 300 |
_avarious pagings : _bcol. ill. _c26cm(pbk) |
||
| 500 | _aIncludes bibliographical references and index. | ||
| 650 | 0 |
_aPublic speaking. _953911 |
|
| 942 |
_2ddc _cEN _h808.51 _mLUC |
||
| 999 |
_c71709 _d71709 |
||